Imperialism and dependency. : Obstacles to African development. /
Uložené v:
| Hlavný autor: | |
|---|---|
| Médium: | Kniha |
| Jazyk: | English |
| Vydané: |
Washington :
Howard University Press,
1982
|
| Vydanie: | 1. vyd. |
| Témy: | |
| ISBN: |
0882581260 (viaz.) |
| Fyzický popis: |
304 s. |
| Tagy: |
Pridať tag
Žiadne tagy, Buďte prvý kto otaguje tento záznam!
|
Titul je dostupný aj v ... 

MARC
| LEADER | 00000nam a2200000 a 4500 | ||
|---|---|---|---|
| 001 | 000023721 | ||
| 003 | SVKK | ||
| 005 | 19990614000000.0 | ||
| 008 | 950307s1982 xxu e engo | ||
| 020 | |a 0882581260 (viaz.) | ||
| 040 | |a SVKKK |b slo |c SVKKK |e AACR2 | ||
| 041 | 0 | |a eng | |
| 044 | |a xxu |c US | ||
| 080 | |a 327.2(6) |2 1997 | ||
| 080 | |a 325.3/.5(6) |2 1997 | ||
| 080 | |a 330.012.8(6) |2 1997 | ||
| 100 | 1 | |a Offiong, Daniel A. |4 aut | |
| 245 | 1 | 0 | |a Imperialism and dependency. : |b Obstacles to African development. / |c Daniel A. Offiong |
| 250 | |a 1. vyd. | ||
| 260 | |a Washington : |b Howard University Press, |c 1982 | ||
| 300 | |a 304 s. | ||
| 653 | 0 | |a vzťahy medzinárodné hospodárske |2 SVKKKPH | |
| 653 | 0 | |a politika koloniálna |2 SVKKKPH | |
| 653 | 0 | |a imperialismus |2 SVKKKPH | |
| 653 | 0 | |a Afrika |2 SVKKKPH | |
| 655 | 7 | |a monografie |2 SVKKKPH | |
| 910 | |a svkkk | ||
| 919 | |a 0-88258-126-0 | ||
| 974 | |a MI |d 19950328 | ||
| 974 | |a KL |d 19950327 | ||
| 974 | |a PA |d 19990614 | ||
| 998 | |a BK | ||
| 090 | |g SCKHL |k Sklad Pribinova 2. posch. |a III.166217 |j 879876 |i 2720718511 |4 Zastaraná |s Vyradená | ||